Datum a čas kvízu
34
Celkem bodů
Celkový počet nahraných bodů na tomto kvízu bez doplňovacích otázek.
4.
Pořadí na kvízu
Konečné umístění týmu na tomto kvízu.
Zaznamenané odpovědi
| # | Otázka | Odpověď | Body | Výsledky |
|---|---|---|---|---|
| 2. | Andrej Kiska v pondělí předsta... | Za lidi | 1 | |
| 3. | Ve Francii byl minulý týden dr... | Vincent van Gogh | 1 | |
| 4. | Česká pivní dvojka, společnost... | Pardubice | 1 | |
| 5. | V 51. ročníku ankety Zlatá hok... | třetí triumf | 1 | |
| 6. | Téma o Cimrmanovi jste si vybr... | C | 0 | |
| 7. | Která z těchto postav nevystup... | C | 1 | |
| 8. | Jak se jmenuje tento přední če... | Miloň Čepelka | 1 | |
| 9. | Příjmení Cimrman vymyslel Jiří... | B | 0 | |
| 10. | „Jdu na sever. A už jdu ___ __... | na jih | 1 | |
| 11. | Jak se nazývá italská automobi... | Pagani | 1 |